[Event "7MCR_4D_1L_3S"]
[Site "?"]
[Date "2006.??.??"]
[Round "?"]
[White "Pirhala, Ladislav"]
[Black "Krouzel, Jaroslav"]
[Result "0-1"]
[WhiteElo "2092"]
[BlackElo "2324"]
[PlyCount "74"]
[EventDate "2006.??.??"]
[EventType "corr"]

1. e4 e6 2. d4 d5 3. Nc3 Bb4 4. e5 c5 5. a3 Bxc3+ 6. bxc3 Ne7 7. Qg4 O-O 8. Bd3
f5 9. exf6 Rxf6 10. Bg5 Rf7 11. Qh5 g6 12. Qh4 c4 13. Be2 Nbc6 14. Bd2 Qc7 15.
Nf3 Nf5 16. Qg5 Nd6 17. h4 Ne4 18. Qh6 e5 19. h5 Bf5 20. Nh4 g5 21. Nxf5 Rxf5
22. Qe6+ Qf7 23. Qxf7+ Rxf7 24. dxe5 Rxf2 25. Bf3 Rf8 26. e6 h6 27. O-O-O Nxd2
28. Rxd2 Rxd2 29. Kxd2 Kg7 30. Rd1 Rf5 31. Bg4 Rf2+ 32. Kc1 Ne7 33. Bf3 Kf6 34.
Re1 b5 35. Kb2 a6 36. Kb1 g4 37. Bxg4 Rxg2 0-1

[Event "7MCR_4D_1L_3S"]
[Site "?"]
[Date "2006.??.??"]
[Round "?"]
[White "Pirhala, Ladislav"]
[Black "Kuchtova, Ruzena"]
[Result "1/2-1/2"]
[WhiteElo "2092"]
[BlackElo "2173"]
[PlyCount "21"]
[EventDate "2006.??.??"]
[EventType "corr"]

1. e4 c6 2. d4 d5 3. Nc3 dxe4 4. Nxe4 Nd7 5. Nf3 Ngf6 6. Ng3 e6 7. Bd3 c5 8.
O-O cxd4 9. Nxd4 Bc5 10. Nb3 O-O 11. Re1 1/2-1/2

[Event "7MCR_4D_1L_3S"]
[Site "?"]
[Date "2006.??.??"]
[Round "?"]
[White "Pirhala, Ladislav"]
[Black "Privoznik, Lubos"]
[Result "0-1"]
[WhiteElo "2092"]
[BlackElo "2343"]
[PlyCount "96"]
[EventDate "2006.??.??"]
[EventType "corr"]

1. e4 d6 2. d4 Nf6 3. Nc3 g6 4. Nf3 Bg7 5. Be2 Bg4 6. O-O O-O 7. Be3 Nc6 8. Qd2
e5 9. d5 Ne7 10. Rad1 Bd7 11. Ne1 Ng4 12. Bxg4 Bxg4 13. f3 Bd7 14. Nd3 f5 15.
Bg5 f4 16. Bh4 Bf6 17. Bxf6 Rxf6 18. b3 g5 19. Rf2 Qe8 20. Ne2 b6 21. c4 Qh5
22. h3 Ng6 23. Nc3 a6 24. Rff1 Nh4 25. Qe2 Nxg2 26. Qxg2 Bxh3 27. Qh1 g4 28.
Kf2 g3+ 29. Ke1 Rh6 30. Rg1 Kf7 31. Kd2 Rg8 32. Rge1 g2 33. Qg1 Qxf3 34. Nf2
Rg3 35. Nb1 Bd7 36. Kc2 Qh5 37. Rd3 Qg5 38. Nc3 Rxd3 39. Kxd3 Rg6 40. Kc2 h5
41. Ne2 h4 42. Rd1 Bg4 43. Re1 Bxe2 44. Rxe2 h3 45. Nxh3 Qg4 46. Rxg2 Qxg2+ 47.
Qxg2 Rxg2+ 48. Kd1 Kf6 0-1

[Event "7MCR_4D_1L_3S"]
[Site "?"]
[Date "2006.??.??"]
[Round "?"]
[White "Pirhala, Ladislav"]
[Black "Riha, Jan"]
[Result "1-0"]
[WhiteElo "2092"]
[BlackElo "2277"]
[PlyCount "101"]
[EventDate "2006.??.??"]
[EventType "corr"]

1. e4 e5 2. Nf3 Nf6 3. Nxe5 d6 4. Nf3 Nxe4 5. d4 d5 6. Bd3 Be7 7. O-O Nc6 8.
Nbd2 Nf6 9. c3 O-O 10. Re1 Re8 11. Nf1 Bg4 12. h3 Bh5 13. Ng3 Bg6 14. Ne5 Bd6
15. Bf4 Bxe5 16. dxe5 Nd7 17. Bxg6 hxg6 18. Qxd5 Ndxe5 19. Qb5 Qd3 20. a4 a6
21. Qb3 Na5 22. Qa2 Qd6 23. Re4 Nac6 24. Rae1 Re6 25. Ne2 Qd7 26. Nd4 Nxd4 27.
cxd4 Nd3 28. Rxe6 fxe6 29. Rxe6 Qf7 30. Bg3 Nxb2 31. d5 Nd3 32. Qc4 Rd8 33. f3
Qf5 34. Qxc7 Qxd5 35. Kh2 Rd7 36. Re8+ Kh7 37. Qc8 g5 38. Rf8 Ne5 39. Rf5 Qc6
40. Qe8 Ng6 41. Rxg5 Rd5 42. Qxc6 bxc6 43. Rxd5 cxd5 44. Kg1 Nf8 45. Kf2 Ne6
46. Bd6 g5 47. g4 Kg6 48. Be5 Kf7 49. Ke3 Nc5 50. f4 gxf4+ 51. Kxf4 1-0

[Event "7MCR_4D_1L_3S"]
[Site "?"]
[Date "2006.??.??"]
[Round "?"]
[White "Pirhala, Ladislav"]
[Black "Svrsek, Radomir"]
[Result "1/2-1/2"]
[WhiteElo "2092"]
[BlackElo "2211"]
[PlyCount "74"]
[EventDate "2006.??.??"]
[EventType "corr"]

1. e4 c6 2. d4 d5 3. Nc3 dxe4 4. Nxe4 Nd7 5. Nf3 Ngf6 6. Ng3 e6 7. Bd3 c5 8.
O-O cxd4 9. Nxd4 Be7 10. c3 O-O 11. Qe2 Qc7 12. Re1 b6 13. Bg5 Bb7 14. Rad1 h6
15. Bxf6 Nxf6 16. Nxe6 fxe6 17. Qxe6+ Rf7 18. Bg6 Raf8 19. Nf5 Bc5 20. Nd6 Bxd6
21. Rxd6 Bc8 22. Bxf7+ Rxf7 23. Qe5 Rd7 24. Rxd7 Qxd7 25. h3 Qd2 26. c4 Bf5 27.
Re3 Bg6 28. Qc3 Qd6 29. b4 Ne4 30. Rd3 Qf4 31. Rd8+ Kh7 32. Qe3 Qc7 33. Qd4 Qf4
34. Rd7 Qc1+ 35. Kh2 Qf4+ 36. g3 Qf8 37. Rxa7 Ng5 1/2-1/2

[Event "7MCR_4D_1L_3S"]
[Site "?"]
[Date "2006.??.??"]
[Round "?"]
[White "Pirhala, Ladislav"]
[Black "Trita, Stanislav"]
[Result "0-1"]
[WhiteElo "2092"]
[BlackElo "2159"]
[PlyCount "126"]
[EventDate "2006.??.??"]
[EventType "corr"]

1. e4 e6 2. d4 d5 3. Nc3 dxe4 4. Nxe4 Nd7 5. Nf3 Ngf6 6. Nxf6+ Nxf6 7. Bd3 b6
8. O-O Bb7 9. Qe2 Be7 10. Bg5 O-O 11. Rad1 Bxf3 12. Qxf3 Qd5 13. Qxd5 Nxd5 14.
Bd2 c5 15. dxc5 bxc5 16. c4 Nb4 17. Bb1 Rad8 18. Be3 Nc6 19. f4 Nd4 20. Kh1 a5
21. b3 Rd6 22. g3 Rfd8 23. Rd3 f5 24. Rfd1 Bf6 25. Bf2 Kf7 26. Be1 Ra8 27. Kg2
h6 28. a3 Rb6 29. b4 axb4 30. axb4 Rab8 31. b5 Ra8 32. R3d2 g5 33. Bf2 gxf4 34.
gxf4 Rd6 35. Bc2 Ra3 36. Rd3 Ra2 37. R3d2 Ra3 38. Bd3 Rd8 39. Bf1 Rg8+ 40. Kh1
Rg4 41. Bg3 h5 42. Rd3 Ra4 43. h3 Rg8 44. Re3 Be7 45. Rc3 h4 46. Bh2 Kf6 47.
Re3 Bd6 48. Rc3 Bc7 49. Rb1 Ra2 50. Rd1 Rd8 51. Rb1 Rda8 52. Bg2 R8a4 53. b6
Bxb6 54. Rxb6 Ra1+ 55. Bg1 Rb4 56. Rxb4 cxb4 57. Re3 b3 58. Rxb3 Nxb3 59. Kh2
e5 60. fxe5+ Kxe5 61. Bf2 f4 62. Bxh4 Nd2 63. Bb7 f3 0-1

[Event "7MCR_4D_1L_3S"]
[Site "?"]
[Date "2006.??.??"]
[Round "?"]
[White "Portych, Vaclav"]
[Black "Alexa, Jaroslav"]
[Result "1/2-1/2"]
[WhiteElo "2116"]
[BlackElo "2359"]
[PlyCount "41"]
[EventDate "2006.??.??"]
[EventType "corr"]

1. c4 e6 2. Nc3 d5 3. cxd5 exd5 4. d4 c6 5. Bf4 Bd6 6. Bg3 Ne7 7. e3 Nf5 8. Bd3
Nxg3 9. hxg3 Nd7 10. Qc2 Nf6 11. O-O-O g6 12. Nf3 Qc7 13. Kb1 Bg4 14. Rc1 Qe7
15. Qa4 O-O 16. Qc2 Rac8 17. Rh4 h5 18. Rch1 c5 19. Nxd5 Nxd5 20. Bxg6 fxg6 21.
Qxg6+ 1/2-1/2

[Event "7MCR_4D_1L_3S"]
[Site "?"]
[Date "2006.??.??"]
[Round "?"]
[White "Portych, Vaclav"]
[Black "Canibal, Jaromir"]
[Result "1/2-1/2"]
[WhiteElo "2116"]
[BlackElo "2255"]
[PlyCount "49"]
[EventDate "2006.??.??"]
[EventType "corr"]

1. c4 Nf6 2. Nc3 g6 3. g3 Bg7 4. Bg2 O-O 5. Nf3 d6 6. O-O e5 7. d4 Nbd7 8. e4
a6 9. Re1 exd4 10. Nxd4 Ng4 11. h3 Qf6 12. Nf5 Nxf2 13. Kxf2 Nb6 14. Bf4 gxf5
15. e5 dxe5 16. Bxe5 Qh6 17. Qd4 Bxe5 18. Rxe5 Be6 19. Nd5 Rfd8 20. Qc3 Nd7 21.
Re3 Bxd5 22. cxd5 Qb6 23. Rc1 Re8 24. Qb3 Qd4 25. Qc3 1/2-1/2

[Event "7MCR_4D_1L_3S"]
[Site "?"]
[Date "2006.??.??"]
[Round "?"]
[White "Portych, Vaclav"]
[Black "Contos, Vaclav"]
[Result "1/2-1/2"]
[WhiteElo "2116"]
[BlackElo "2200"]
[PlyCount "57"]
[EventDate "2006.??.??"]
[EventType "corr"]

1. c4 c6 2. e4 d5 3. exd5 cxd5 4. cxd5 Nf6 5. Nc3 Nxd5 6. Nf3 Nc6 7. d4 Bg4 8.
Qb3 Bxf3 9. gxf3 e6 10. Qxb7 Nxd4 11. Bb5+ Nxb5 12. Qc6+ Ke7 13. Qxb5 Qd7 14.
Qxd7+ Kxd7 15. Nxd5 exd5 16. Be3 Bb4+ 17. Ke2 Rhc8 18. a3 Be7 19. Rhd1 Rc2+ 20.
Kf1 Ke6 21. Rd3 Bc5 22. b4 Bxe3 23. Rxe3+ Kd6 24. Rd1 a5 25. Red3 axb4 26.
Rxd5+ Ke6 27. Rd6+ Ke7 28. Rd7+ Ke8 29. axb4 1/2-1/2

[Event "7MCR_4D_1L_3S"]
[Site "?"]
[Date "2006.??.??"]
[Round "?"]
[White "Portych, Vaclav"]
[Black "Hrdy, Roman"]
[Result "1/2-1/2"]
[WhiteElo "2116"]
[BlackElo "2260"]
[PlyCount "97"]
[EventDate "2006.??.??"]
[EventType "corr"]

1. c4 e5 2. Nc3 Nf6 3. Nf3 Nc6 4. g3 Bb4 5. Bg2 O-O 6. O-O e4 7. Ne1 Bxc3 8.
dxc3 h6 9. Nc2 Re8 10. Ne3 d6 11. Qc2 a5 12. Bd2 Qe7 13. Nd5 Nxd5 14. cxd5 Nb8
15. Be3 Bf5 16. b3 Nd7 17. c4 b6 18. Rac1 Nc5 19. h3 Qf6 20. Qd2 g5 21. g4 Bd7
22. Bd4 Qg6 23. Rc3 f5 24. gxf5 Bxf5 25. Rg3 Rf8 26. f4 exf3 27. exf3 Rae8 28.
h4 Re7 29. hxg5 h5 30. f4 Rfe8 31. Re3 Rxe3 32. Bxe3 Ne4 33. Qd4 Nc5 34. Bf3
Bg4 35. Qd2 Ne4 36. Qd3 Qh7 37. Bxe4 Qxe4 38. Qxe4 Rxe4 39. Kf2 Kf7 40. Rc1 Kg6
41. Rc2 Bf5 42. Rc3 h4 43. Kf3 Re8 44. a3 Kh5 45. Rc1 Be4+ 46. Kf2 a4 47. b4 h3
48. Kg3 Bd3 49. Re1 1/2-1/2

[Event "7MCR_4D_1L_3S"]
[Site "?"]
[Date "2006.??.??"]
[Round "?"]
[White "Portych, Vaclav"]
[Black "Kovar, Jan"]
[Result "1/2-1/2"]
[WhiteElo "2116"]
[BlackElo "2247"]
[PlyCount "58"]
[EventDate "2006.??.??"]
[EventType "corr"]

1. c4 e6 2. Nc3 d5 3. cxd5 exd5 4. d4 c6 5. Bf4 Bd6 6. Bg3 Ne7 7. e3 O-O 8. Nf3
Re8 9. Bd3 Bf5 10. Rc1 Bxd3 11. Qxd3 Nc8 12. Bh4 Be7 13. Bxe7 Qxe7 14. O-O Nd6
15. b4 a6 16. a4 b5 17. Ra1 Nd7 18. Ra2 Nc4 19. Rfa1 Ndb6 20. Qb1 h6 21. Ne1
Rab8 22. axb5 axb5 23. h3 Ra8 24. Nd3 Rxa2 25. Rxa2 Ra8 26. Ne2 Qe8 27. Nc5 Nd6
28. Qa1 Rxa2 29. Qxa2 Nd7 1/2-1/2

[Event "7MCR_4D_1L_3S"]
[Site "?"]
[Date "2006.??.??"]
[Round "?"]
[White "Portych, Vaclav"]
[Black "Pirhala, Ladislav"]
[Result "1-0"]
[WhiteElo "2116"]
[BlackElo "2092"]
[PlyCount "107"]
[EventDate "2006.??.??"]
[EventType "corr"]

1. c4 Nf6 2. Nc3 e5 3. Nf3 Nc6 4. g3 Bb4 5. Nd5 Bc5 6. Bg2 d6 7. O-O O-O 8. e3
a5 9. b3 Nxd5 10. cxd5 Nb4 11. d4 exd4 12. Nxd4 Qg5 13. a3 Na6 14. Bb2 Bb6 15.
Qc2 Bd7 16. h4 Qg6 17. Qxg6 hxg6 18. Rad1 Nc5 19. b4 Na4 20. Ba1 Rfe8 21. Rd2
Rac8 22. Nb3 axb4 23. axb4 Bb5 24. Rc1 Re7 25. Ra2 Ra8 26. Nd4 Be8 27. Bf1 f6
28. Bc4 Bxd4 29. Bxd4 Nb6 30. f3 Rxa2 31. Bxa2 Nc8 32. Kf2 Bf7 33. e4 c6 34.
Bb1 Rc7 35. Bd3 Ne7 36. b5 c5 37. Bc3 b6 38. Ra1 Nc8 39. Bc4 Ra7 40. Ra6 Be8
41. f4 Kf8 42. Ke3 Rxa6 43. bxa6 b5 44. Bd3 b4 45. Bb2 Kf7 46. e5 Nb6 47. Be4
Bb5 48. a7 Ba6 49. exd6 Bb7 50. Kd3 Ba6+ 51. Kc2 Bb7 52. g4 Ba8 53. h5 gxh5 54.
gxh5 1-0

[Event "7MCR_4D_1L_3S"]
[Site "?"]
[Date "2006.??.??"]
[Round "?"]
[White "Portych, Vaclav"]
[Black "Splichal, Josef"]
[Result "1/2-1/2"]
[WhiteElo "2116"]
[BlackElo "2242"]
[PlyCount "99"]
[EventDate "2006.??.??"]
[EventType "corr"]

1. c4 c5 2. Nf3 Nf6 3. Nc3 Nc6 4. g3 e5 5. Bg2 d6 6. O-O Be7 7. d3 O-O 8. a3
Bg4 9. Ng5 Ne8 10. Nge4 f5 11. f3 Bh5 12. Nf2 Nc7 13. Nd5 Nxd5 14. cxd5 Nd4 15.
e3 Nb5 16. Qb3 Qa5 17. Nd1 f4 18. Nc3 Nxc3 19. bxc3 fxg3 20. hxg3 Bg5 21. c4
Rae8 22. Ra2 Rb8 23. f4 exf4 24. gxf4 Bf6 25. a4 Bg6 26. Bh3 Kh8 27. Kg2 Bc3
28. e4 Bd4 29. Rh1 Bf7 30. Bf5 g6 31. Bg4 Qd8 32. Rh3 b6 33. Kh1 Rb7 34. Rah2
Be8 35. Qd1 Rff7 36. Be6 Rg7 37. Rg2 a6 38. Bb2 Bxb2 39. Rxb2 Bd7 40. Bxd7 Qxd7
41. Rbh2 Qd8 42. Qa1 Kg8 43. Rg3 Rbf7 44. Qc1 Qe8 45. Rb2 Qf8 46. Rf3 Rb7 47.
Rh3 Qf6 48. Rg3 Rgf7 49. Rg4 Qd4 50. Qd2 1/2-1/2

[Event "7MCR_4D_1L_3S"]
[Site "?"]
[Date "2006.??.??"]
[Round "?"]
[White "Privoznik, Lubos"]
[Black "Alexa, Jaroslav"]
[Result "1/2-1/2"]
[WhiteElo "2343"]
[BlackElo "2359"]
[PlyCount "92"]
[EventDate "2006.??.??"]
[EventType "corr"]

1. d4 Nf6 2. c4 e6 3. Nf3 b6 4. g3 Ba6 5. b3 Bb4+ 6. Bd2 Be7 7. Nc3 O-O 8. e4
d5 9. cxd5 Bxf1 10. Kxf1 exd5 11. e5 Ne4 12. Kg2 Qd7 13. Rc1 Nc6 14. Qe2 Nxd2
15. Qxd2 Nd8 16. Nd1 Ne6 17. Ne3 f5 18. exf6 Bxf6 19. Rhe1 Rae8 20. Ng4 c5 21.
Nxf6+ Rxf6 22. dxc5 bxc5 23. Ne5 Qd6 24. f4 Rd8 25. Nd3 Rc8 26. Re5 Rff8 27.
Rce1 Nc7 28. Qc1 Nb5 29. Re6 Qb8 30. Nxc5 Nd4 31. R6e5 Qd6 32. b4 a5 33. Qd2
axb4 34. Qxd4 Qxc5 35. Qxd5+ Qxd5+ 36. Rxd5 Rc2+ 37. Kh3 Rf6 38. Re7 Rh6+ 39.
Kg4 Rg6+ 40. Kf3 h6 41. Rdd7 Rc3+ 42. Ke4 Kh7 43. Ra7 b3 44. axb3 Rxb3 45. Rad7
Ra3 46. Rc7 Rb3 1/2-1/2

[Event "7MCR_4D_1L_3S"]
[Site "?"]
[Date "2006.??.??"]
[Round "?"]
[White "Privoznik, Lubos"]
[Black "Canibal, Jaromir"]
[Result "1/2-1/2"]
[WhiteElo "2343"]
[BlackElo "2255"]
[PlyCount "48"]
[EventDate "2006.??.??"]
[EventType "corr"]

1. d4 Nf6 2. c4 g6 3. Nf3 Bg7 4. g3 O-O 5. Bg2 d6 6. Nc3 Nbd7 7. O-O e5 8. e4
c6 9. b3 Qb6 10. Bb2 Re8 11. Re1 exd4 12. Nxd4 Nc5 13. Qc2 a5 14. Rab1 a4 15.
Nxa4 Nxa4 16. bxa4 Qa7 17. Nb3 Qxa4 18. Qd3 Be6 19. Qxd6 Qxa2 20. Qf4 Nh5 21.
Qc1 Qxb3 22. Bxg7 Qxc4 23. Bc3 b5 24. Qe3 Ra3 1/2-1/2

[Event "7MCR_4D_1L_3S"]
[Site "?"]
[Date "2006.??.??"]
[Round "?"]
[White "Privoznik, Lubos"]
[Black "Contos, Vaclav"]
[Result "1/2-1/2"]
[WhiteElo "2343"]
[BlackElo "2200"]
[PlyCount "108"]
[EventDate "2006.??.??"]
[EventType "corr"]

1. d4 Nf6 2. c4 e6 3. Nc3 c5 4. d5 exd5 5. cxd5 d6 6. Nf3 g6 7. Nd2 Bg7 8. e4
O-O 9. Be2 Re8 10. O-O Nbd7 11. Re1 Ne5 12. a4 a6 13. h3 g5 14. Nf1 h6 15. Ne3
Ng6 16. Bd3 Qc7 17. a5 Bd7 18. Nc4 Re7 19. Be3 Rae8 20. Qc1 Nh5 21. Qd2 Nhf4
22. Bc2 Rf8 23. Rad1 Ne5 24. Nb6 Nfg6 25. Kh1 Bb5 26. Nxb5 axb5 27. Rf1 Nc4 28.
Nxc4 bxc4 29. f4 gxf4 30. Bxf4 Nxf4 31. Rxf4 Re5 32. Rdf1 Rfe8 33. h4 Qe7 34.
Qf2 Rf8 35. Qf3 Qd8 36. Qg3 h5 37. Qe1 b5 38. a6 Qb6 39. g4 Qxa6 40. Qg3 Kh8
41. g5 Kg8 42. Qf3 Qc8 43. Kg2 Qe8 44. Qxh5 b4 45. R1f2 b3 46. Bb1 Qd7 47. Rf1
Qe8 48. Qg4 Qc8 49. Qf3 Qe8 50. Rf2 Qd7 51. g6 f6 52. Rf5 Rfe8 53. Qh5 Bh8 54.
Qd1 Qg7 1/2-1/2

[Event "7MCR_4D_1L_3S"]
[Site "?"]
[Date "2006.??.??"]
[Round "?"]
[White "Privoznik, Lubos"]
[Black "Hrdy, Roman"]
[Result "1/2-1/2"]
[WhiteElo "2343"]
[BlackElo "2260"]
[PlyCount "112"]
[EventDate "2006.??.??"]
[EventType "corr"]

1. d4 f5 2. g3 Nf6 3. Bg2 e6 4. c4 d5 5. Nh3 c6 6. O-O Bd6 7. Bf4 Be7 8. Qc2
O-O 9. Nc3 Bd7 10. Rfd1 Be8 11. a3 h6 12. Rac1 Nbd7 13. cxd5 exd5 14. Be3 Ne4
15. Nf4 Bf7 16. Bh3 g5 17. Nd3 Nd6 18. Ne5 Be6 19. b3 Qe8 20. f3 Qh5 21. Bg2
Nxe5 22. dxe5 Nf7 23. f4 Bxa3 24. Ra1 Be7 25. Na4 a6 26. Nc5 Bc8 27. b4 Rb8 28.
Nd3 Be6 29. Bc5 Rbe8 30. e3 Nd8 31. Bf1 gxf4 32. exf4 Bc8 33. Be2 Qg6 34. Ne1
Ne6 35. Bxe7 Rxe7 36. Ng2 Rg7 37. Kh1 Qf7 38. Nh4 Nc7 39. Qc5 Re8 40. Qc3 Kh8
41. Nf3 Ne6 42. Qc2 Qe7 43. Rab1 Rf8 44. Bd3 Qf7 45. Qf2 Rfg8 46. Nh4 Nc7 47.
Be2 Kh7 48. Nf3 Ne6 49. Rd2 Rf8 50. Qf1 Kg8 51. Bd3 Qh5 52. Qf2 Kh8 53. Be2 Qf7
54. Rdd1 Bd7 55. Bd3 Qh5 56. Rdc1 Bc8 1/2-1/2

[Event "7MCR_4D_1L_3S"]
[Site "?"]
[Date "2006.??.??"]
[Round "?"]
[White "Privoznik, Lubos"]
[Black "Kovar, Jan"]
[Result "1-0"]
[WhiteElo "2343"]
[BlackElo "2247"]
[PlyCount "105"]
[EventDate "2006.??.??"]
[EventType "corr"]

1. d4 d5 2. c4 e6 3. Nc3 c6 4. e4 dxe4 5. Nxe4 Bb4+ 6. Bd2 Qxd4 7. Bxb4 Qxe4+
8. Be2 Na6 9. Bd6 b6 10. Nf3 Bb7 11. Ne5 f6 12. O-O fxe5 13. Bh5+ g6 14. Re1
Qh4 15. Bg4 Rd8 16. Rxe5 Nc5 17. b4 Nh6 18. Bxe6 Nxe6 19. Rxe6+ Kf7 20. Qe2 Nf5
21. Be7 Qxe7 22. Rxe7+ Nxe7 23. Qf3+ Ke8 24. Re1 Rd7 25. a4 Kd8 26. Qf6 Re8 27.
f3 h5 28. Qe5 Rf8 29. a5 Bc8 30. axb6 axb6 31. b5 cxb5 32. cxb5 Rf5 33. Qg7 Bb7
34. g4 hxg4 35. fxg4 Rf3 36. Qh8+ Kc7 37. Rc1+ Kd6 38. Qd4+ Nd5 39. Rd1 Kc7 40.
Qe5+ Rd6 41. Rc1+ Kd7 42. Qh8 Ne7 43. Qb8 Be4 44. Re1 Nf5 45. Qa7+ Kd8 46. gxf5
gxf5 47. Qg7 Rfd3 48. h4 Rd2 49. Qf8+ Kd7 50. Qf7+ Kd8 51. Ra1 Rg2+ 52. Kf1
Rdd2 53. Qf8+ 1-0

[Event "7MCR_4D_1L_3S"]
[Site "?"]
[Date "2006.??.??"]
[Round "?"]
[White "Privoznik, Lubos"]
[Black "Portych, Vaclav"]
[Result "1/2-1/2"]
[WhiteElo "2343"]
[BlackElo "2116"]
[PlyCount "116"]
[EventDate "2006.??.??"]
[EventType "corr"]

1. d4 Nf6 2. c4 e6 3. Nf3 b6 4. g3 Ba6 5. b3 Bb4+ 6. Bd2 Be7 7. Bg2 c6 8. Bc3
d5 9. Nbd2 Nbd7 10. Rc1 O-O 11. Rc2 Rc8 12. O-O c5 13. a4 dxc4 14. Nxc4 Bxc4
15. bxc4 Ne4 16. d5 exd5 17. cxd5 Bf6 18. Bd2 Re8 19. Be3 Nc3 20. Qd2 Nxa4 21.
Qd3 c4 22. Rxc4 Rxc4 23. Qxc4 Nc3 24. Re1 b5 25. Qd3 a5 26. Nd4 b4 27. Nc6 Ne5
28. Nxe5 Bxe5 29. f4 Bf6 30. Bf2 a4 31. e4 Qa5 32. e5 Bd8 33. e6 fxe6 34. dxe6
Qc7 35. Bh3 Be7 36. Bf5 h6 37. Bh7+ Kh8 38. Qd7 Rc8 39. Bd3 Qd8 40. Ba6 Rb8 41.
Bd4 Qf8 42. Bxc3 bxc3 43. Bd3 Rd8 44. Qb5 a3 45. Re2 Qf6 46. Kg2 g5 47. Kf3 Rd4
48. f5 g4+ 49. Kf2 Rd8 50. Qc4 Qd4+ 51. Qxd4+ Rxd4 52. Ke3 Bc5 53. Ra2 Kg7 54.
Ke2 Kf6 55. Ke3 h5 56. Ke2 Bd6 57. Ke3 Rb4 58. Bc2 Rb2 1/2-1/2

[Event "7MCR_4D_1L_3S"]
[Site "?"]
[Date "2006.??.??"]
[Round "?"]
[White "Privoznik, Lubos"]
[Black "Splichal, Josef"]
[Result "1-0"]
[WhiteElo "2343"]
[BlackElo "2242"]
[PlyCount "87"]
[EventDate "2006.??.??"]
[EventType "corr"]

1. d4 d5 2. c4 e6 3. Nc3 Nf6 4. cxd5 exd5 5. Bg5 c6 6. e3 Nbd7 7. Nf3 Bd6 8.
Bd3 O-O 9. Qc2 h6 10. Bh4 Re8 11. O-O Nf8 12. Rae1 Bg4 13. Nd2 Bh5 14. f4 Be7
15. Nf3 Bxf3 16. gxf3 Nh5 17. Bf2 Bh4 18. Kh1 Qf6 19. Rg1 Ne6 20. f5 Bxf2 21.
Qxf2 Ng5 22. Qg2 Qe7 23. f4 Nxf4 24. exf4 Qxe1 25. Rxe1 Rxe1+ 26. Bf1 Nh7 27.
Qf2 Re7 28. Qc2 Nf6 29. Be2 Rae8 30. Bf3 Kh8 31. Kg2 Kg8 32. Qa4 Ra8 33. Qa3
Ree8 34. h3 a5 35. Na4 Re1 36. Nc5 Re7 37. Kf2 Rc7 38. Nd3 b6 39. Ne5 Rd8 40.
Ng4 Nh7 41. Kg3 f6 42. b4 axb4 43. Qxb4 b5 44. Nf2 1-0

[Event "7MCR_4D_1L_3S"]
[Site "?"]
[Date "2006.??.??"]
[Round "?"]
[White "Riha, Jan"]
[Black "Canibal, Jaromir"]
[Result "1/2-1/2"]
[WhiteElo "2277"]
[BlackElo "2255"]
[PlyCount "40"]
[EventDate "2006.??.??"]
[EventType "corr"]

1. e4 e5 2. Nf3 Nf6 3. d4 Nxe4 4. Bd3 d5 5. Nxe5 Nd7 6. Nxd7 Bxd7 7. O-O Nf6 8.
Bg5 Be7 9. c3 c6 10. Nd2 O-O 11. Qc2 h6 12. Bh4 Nh5 13. Bxe7 Qxe7 14. Rfe1 Qd6
15. Nf3 Nf4 16. Bh7+ Kh8 17. Bf5 Bxf5 18. Qxf5 g6 19. Qe5+ Qxe5 20. Nxe5 f6
1/2-1/2

[Event "7MCR_4D_1L_3S"]
[Site "?"]
[Date "2006.??.??"]
[Round "?"]
[White "Riha, Jan"]
[Black "Contos, Vaclav"]
[Result "1/2-1/2"]
[WhiteElo "2277"]
[BlackElo "2200"]
[PlyCount "57"]
[EventDate "2006.??.??"]
[EventType "corr"]

1. e4 c6 2. d4 d5 3. e5 Bf5 4. Nc3 e6 5. g4 Bg6 6. Nge2 f6 7. h4 fxe5 8. h5 Bf7
9. dxe5 Nd7 10. f4 Qb6 11. Nd4 c5 12. Nf3 Ne7 13. Ng5 Bg8 14. Bd2 O-O-O 15. a4
a6 16. a5 Qc7 17. Nf3 Nc6 18. Bg2 h6 19. Nh4 Bh7 20. Ng6 Bxg6 21. hxg6 c4 22.
Bxd5 exd5 23. Nxd5 Qb8 24. Qe2 b5 25. O-O-O Qb7 26. e6 Nd4 27. exd7+ Rxd7 28.
Qe8+ Rd8 29. Nb6+ 1/2-1/2

[Event "7MCR_4D_1L_3S"]
[Site "?"]
[Date "2006.??.??"]
[Round "?"]
[White "Riha, Jan"]
[Black "Hrdy, Roman"]
[Result "1/2-1/2"]
[WhiteElo "2277"]
[BlackElo "2260"]
[PlyCount "71"]
[EventDate "2006.??.??"]
[EventType "corr"]

1. e4 c5 2. Nf3 d6 3. d4 cxd4 4. Nxd4 Nf6 5. Nc3 a6 6. Bg5 e6 7. f4 Qb6 8. Nb3
Be7 9. Qf3 Nbd7 10. O-O-O Qc7 11. Bd3 b5 12. a3 Rb8 13. Rhe1 b4 14. axb4 Rxb4
15. Kb1 Bb7 16. Qh3 Nc5 17. Nxc5 Qxc5 18. Na2 Ra4 19. b3 Rxe4 20. Bxe4 Bxe4 21.
Rd2 Qa3 22. Qc3 O-O 23. Qb4 d5 24. Qxa3 Bxa3 25. Nc3 Bb4 26. Bxf6 gxf6 27. Re3
Bg6 28. g4 Rc8 29. Kb2 f5 30. g5 Kg7 31. Rg3 Bh5 32. Rd4 a5 33. Na2 Be1 34. Rh3
Bg4 35. Rhd3 Be2 36. Rh3 1/2-1/2

[Event "7MCR_4D_1L_3S"]
[Site "?"]
[Date "2006.??.??"]
[Round "?"]
[White "Riha, Jan"]
[Black "Krouzel, Jaroslav"]
[Result "1/2-1/2"]
[WhiteElo "2227"]
[BlackElo "2324"]
[PlyCount "43"]
[EventDate "2006.??.??"]
[EventType "corr"]

1. e4 e6 2. d4 d5 3. Nc3 Bb4 4. e5 c5 5. a3 Bxc3+ 6. bxc3 Ne7 7. Qg4 O-O 8. Bd3
f5 9. exf6 Rxf6 10. Bg5 Rf7 11. Qh5 g6 12. Qd1 Nbc6 13. Nf3 Qf8 14. O-O c4 15.
Be2 h6 16. Bc1 Qg7 17. a4 Bd7 18. Ba3 g5 19. Bd6 Ng6 20. h3 b6 21. Re1 Qf6 22.
Bg3 1/2-1/2

[Event "7MCR_4D_1L_3S"]
[Site "?"]
[Date "2006.??.??"]
[Round "?"]
[White "Riha, Jan"]
[Black "Portych, Vaclav"]
[Result "1/2-1/2"]
[WhiteElo "2277"]
[BlackElo "2116"]
[PlyCount "64"]
[EventDate "2006.??.??"]
[EventType "corr"]

1. e4 c5 2. Nf3 Nc6 3. Bb5 g6 4. O-O Bg7 5. c3 Nf6 6. Re1 O-O 7. h3 Qb6 8. Na3
d6 9. d4 cxd4 10. cxd4 d5 11. e5 Ne4 12. Bd3 Rd8 13. Nc2 Bxe5 14. Nxe5 Nxe5 15.
Bxe4 dxe4 16. Rxe4 Nc6 17. d5 Bf5 18. Re1 Bxc2 19. Qxc2 Rxd5 20. Be3 Qb5 21.
Rac1 Nb4 22. Qe4 Nd3 23. Red1 Rd7 24. a4 Qa6 25. b4 Rad8 26. Rc3 Nxf2 27. Rxd7
Nxe4 28. Rxd8+ Kg7 29. Bd4+ Kh6 30. Rc7 Qxa4 31. Rxe7 Qxb4 32. Rxf7 Qe1+
1/2-1/2

[Event "7MCR_4D_1L_3S"]
[Site "?"]
[Date "2006.??.??"]
[Round "?"]
[White "Riha, Jan"]
[Black "Privoznik, Lubos"]
[Result "1-0"]
[WhiteElo "2277"]
[BlackElo "2343"]
[PlyCount "81"]
[EventDate "2006.??.??"]
[EventType "corr"]

1. e4 d6 2. d4 Nf6 3. Nc3 g6 4. f4 Bg7 5. Nf3 O-O 6. Bd3 Nh5 7. O-O Bg4 8. Be3
Nc6 9. e5 dxe5 10. dxe5 f6 11. exf6 exf6 12. h3 Bxf3 13. Qxf3 f5 14. Rad1 Qc8
15. Bc5 Re8 16. g4 fxg4 17. hxg4 Nf6 18. g5 Nd7 19. Bf2 Nb6 20. Be4 Rf8 21. Bc5
Rf7 22. Bxb6 axb6 23. Bd5 Qf5 24. Nb5 Raf8 25. Nxc7 Kh8 26. Bxf7 Qxf7 27. Nd5
Nd4 28. Qg2 Rd8 29. Nb4 Bf8 30. c3 Qc4 31. Kh2 Bxb4 32. cxb4 Nc6 33. Qf3 Qxb4
34. Rxd8+ Nxd8 35. Qc3+ Qxc3 36. bxc3 Ne6 37. c4 Nc5 38. Rb1 Nd7 39. Rd1 Nc5
40. Rd6 Na4 41. Kg3 1-0

[Event "7MCR_4D_1L_3S"]
[Site "?"]
[Date "2006.??.??"]
[Round "?"]
[White "Riha, Jan"]
[Black "Splichal, Josef"]
[Result "1-0"]
[WhiteElo "2277"]
[BlackElo "2242"]
[PlyCount "83"]
[EventDate "2006.??.??"]
[EventType "corr"]

1. e4 e5 2. Nf3 Nc6 3. Bb5 Nf6 4. O-O Nxe4 5. d4 Nd6 6. Bxc6 dxc6 7. dxe5 Nf5
8. Qxd8+ Kxd8 9. Nc3 h6 10. h3 Be6 11. g4 Ne7 12. Nd4 Bd7 13. Bf4 h5 14. Rad1
Nd5 15. Bg5+ Kc8 16. Nxd5 cxd5 17. f3 c6 18. Kg2 Kc7 19. Bf4 Kb6 20. Nf5 a5 21.
a3 Ka6 22. Ng3 hxg4 23. hxg4 Be7 24. c4 Be6 25. cxd5 Bxd5 26. Nf5 Bc5 27. Kg3
Rag8 28. b4 axb4 29. axb4 Bxb4 30. Ra1+ Ba5 31. Rfb1 b6 32. Ra3 g6 33. Nd6 Rb8
34. Bd2 Rhd8 35. Kf4 Rf8 36. Kg5 Rfd8 37. Kf6 Rf8 38. f4 Rh8 39. f5 gxf5 40.
gxf5 Rhf8 41. Bb4 c5 42. Bd2 1-0